| 000 | 00511pab a2200193 454500 | ||
|---|---|---|---|
| 008 | 180718b2007 xxu||||| |||| 00| 0 eng d | ||
| 100 | _aHaider-Markel, Donald P. | ||
| 245 | _aLose, win, or draw? A reexamination of direct democracy and minority rights | ||
| 260 | _c2007 | ||
| 300 | _ap.304-14. | ||
| 362 | _aJun | ||
| 650 | _aMinority groups | ||
| 650 | _aDemocracy | ||
| 700 | _aLindaman, kara | ||
| 700 | _aQuerze, Alana | ||
| 773 | _aPolitical Research Quarterly | ||
| 908 | _aN | ||
| 909 | _a74829 | ||
| 999 |
_c74829 _d74829 |
||